Porézne kompozitné častice, spôsoby ich výroby a spôsob na hydrospracovanie ropnej násady

Bibliographic Details
Corporate Author: W.R. Grace & Co.-Conn (New York, Spojené štáty) (Patent holder)
Other Authors: Lussier, Roger Jean (Originator), Plecha, Stanislaw (Originator), Wear, Charles C. (Originator), Weatherbee, Gordon D. (Originator)
Format: Book
Language:Slovak
PhysicalDescription:62 s. obr., tab. 30 cm
Published: [Banská Bystrica] Úrad priemyselného vlastníctva SR [2011]
Subjects:

MARC

LEADER 00000cam a2200000 a 4500
001 vtls010274204
003 SK-MaSNL
005 20260331205757.0
008 251120s2011 xo ka j f000 0 slo
013 |a 287630  |b SK  |c patent  |d 20110405  |e dátum nadobudnutia účinkov patentu (Vestník ÚPV SR č.: 4/2011)  |d 20110328  |e dátum sprístupnenia patentu 
013 |a 1022-2002  |e číslo prihlášky  |d 20001218  |e dátum podania prihlášky  |d 20030603  |e dátum zverejnenia prihlášky (Vestník ÚPV SR č.: 6/2003) 
013 |a 09/467 742, 09/482 734  |e číslo prioritnej prihlášky  |d 19991221, 20000113  |e dátum podania prioritnej prihlášky  |b US, US  |e kód krajiny prioritnej prihlášky 
015 |a SNBN2013 
040 |a SNK  |b slo  |c SNK  |e AACR2 
041 0 |a slo 
044 |a xo  |c SK 
072 7 |a 666  |x Sklárstvo. Keramika. Cement  |2 konspekt 
080 |a 666.92  |2 2001 
084 |a B01J 21/04  |2 IPC 
084 |a B01J 21/16  |2 IPC 
084 |a B01J 32/00  |2 IPC 
084 |a C04B 35/101  |2 IPC 
084 |a C01F 7/02  |2 IPC 
100 1 |a Lussier, Roger Jean  |4 org  |9 413243 
245 1 0 |a Porézne kompozitné častice, spôsoby ich výroby a spôsob na hydrospracovanie ropnej násady  |c Roger Jean Lusier, Stanislaw Plecha, Charles C. Wear, Gordon D. Weatherbee ; patent. zást. Pavol Tomeš 
260 |a [Banská Bystrica]  |b Úrad priemyselného vlastníctva SR  |c [2011] 
300 |a 62 s.  |b obr., tab.  |c 30 cm 
650 0 7 |a výroba vápna  |2 SVKBBPH  |9 59097 
655 7 |a patenty  |2 SVKBBPH  |9 177343 
700 1 |a Plecha, Stanislaw  |4 org  |9 652605 
700 1 |a Wear, Charles C.  |4 org  |9 652606 
700 1 |a Tomeš, Pavol  |4 oth  |9 320979 
700 1 |a Weatherbee, Gordon D.  |4 org  |9 652607 
710 2 |a W.R. Grace & Co.-Conn (New York, Spojené štáty)  |4 pth  |9 652608 
852 |a Štátna vedecká knižnica v Banskej Bystrici 
999 |c 1007203  |d 1009133 
952 |a SNK  |b SNK  |y PREZ  |7 0  |p 17A1057964  |o snkSK 287630  |i snk2012/24874  |8 0  |0 0  |1 0  |4 0  |d 2012-12-03  |l 0  |r 2026-02-24 12:40:05  |w 2026-02-24